000 01085pab a2200145 454500
008 180718b xxu||||| |||| 00| 0 eng d
100 _aGleeson, Gerry
245 _aDecade for debate
520 _aThe article is part of the 1990 Garran Oration, presented at the national Conference of the Royal Australian Institute of Public Administration, Hobart, November 1990. The oration is dedicated to the memory of Sir Robert Garran, who was a great debater and continually advocated the need to protect the smaller colonies and participated in the drafting of the federal constitution of Australia in 1901. The author discusses the decade's significant movement to worldwide freer trade as countries move to market economies, further impact of technology on telecommunication systems, the spread of free enterprises, the rapid economic expansion of pacific Rion Countries and a new attentiveness to the environment and t
650 _a Public Policy
650 _a Garran Oration
650 _aPublic Policy - Australia
773 _aAustralian Journal of Public Administration
909 _a1680
999 _c1680
_d1680